000 00370nam a2200145 i 4500
001 104459
003 ES-MaACL
007 t|
008 051130s1914 fr ||||1| fre d
100 1 _aMille, Pierre.
_981193
245 1 3 _aLe monarque /
_cPierre Mille.
260 _aParis :
_bCalmann-Lévy,
_c1914.
300 _aIII, 281 p. ;
_c18 cm.
852 _aES-MaACL
_jG-4608
999 _c104459
_d104459